000 00513nam a2200181Ia 4500
001 8326
005 20260306160601.0
008 260306t1976||||xx |||||||||||||| ||spa||
041 _aESP
082 _a370.155
_bM81 V. 3
100 _aMolina de Costallat, Dalila,
_eAUT
245 0 _aPsicomotricidad :
_beducación gestual. La importancia de la acción en los primeros años de desarrollo
260 _c1976
300 _a102 páginas :
_c23 cm.
650 _aGEN
654 _aCED
942 _cLIB
_dJUS
_fJUS
_2ddc
_n
999 _c8326
_d8326